000 00531nam a2200169Ia 4500
008 090711s9999 xx 000 0 und d
082 _b903
100 _aघाटपांडे महेश
245 _aभावस्पर्शी
260 _bआमोद प्रकाशन
_c1998
300 _a180
600 _aघाटपांडे महेश
630 _aभावस्पर्शी
700 _aघाटपांडे महेश
730 _aभावस्पर्शी
942 _cBOOK
999 _c333713
_d333713